Science Quiz

Random Science or Numbers Quiz

Chain Lightning Math Quiz Stats

 Plays Quiz Updated Nov 3, 2014

Challenge
Share
Tweet
Embed
Score 0/20 Timer 03:00
0 Plays Today
What Next? Current Value % Correct
????
100%
????
99.7%
????
99.4%
????
97%
????
96.7%
????
95.5%
????
91.4%
????
88.5%
????
85.9%
????
80.3%
What Next? Current Value % Correct
????
77.4%
????
73.5%
????
69.7%
????
65.5%
????
50.1%
????
48.9%
????
46.7%
????
44.8%
????
37.4%
????
28.4%

You're not logged in!

Compare scores with friends on all Sporcle quizzes.
Join for Free
OR
Log In

You Might Also Like...

Show Comments

Extras

Top Quizzes Today


Score Distribution

Your Account Isn't Verified!

In order to create a playlist on Sporcle, you need to verify the email address you used during registration. Go to your Sporcle Settings to finish the process.

Report this User

Report this user for behavior that violates our Community Guidelines.

Details: